Giáo trình kỹ thuật điều khiển động cơ điện Sách dùng cho các trường đào tạo hệ trung học chuyên nghiệp
Khái quát về hệ thống hệ truyền động điện. Các phần tử điều khiển. Đặc tính cơ bản của động cơ điện. Các mạch điều khiển động cơ điện thường gặp
Bewaard in:
| Hoofdauteur: | |
|---|---|
| Coauteur: | |
| Andere auteurs: | |
| Taal: | Undetermined |
| Gepubliceerd in: |
Hà Nội
Giáo dục
2002
|
| Onderwerpen: | |
| Tags: |
Voeg label toe
Geen labels, Wees de eerste die dit record labelt!
|
| Thư viện lưu trữ: | Trung tâm Học liệu Trường Đại học Trà Vinh |
|---|
| LEADER | 00998nam a2200265Ia 4500 | ||
|---|---|---|---|
| 001 | TVU_556 | ||
| 008 | 210423s9999 xx 000 0 und d | ||
| 041 | |a Vie | ||
| 082 | |a 621.460711 | ||
| 082 | |b H452 | ||
| 100 | |a Vũ, Quang Hồi | ||
| 245 | 0 | |a Giáo trình kỹ thuật điều khiển động cơ điện | |
| 245 | 0 | |b Sách dùng cho các trường đào tạo hệ trung học chuyên nghiệp | |
| 245 | 0 | |c Vũ Quang Hồi | |
| 260 | |a Hà Nội | ||
| 260 | |b Giáo dục | ||
| 260 | |c 2002 | ||
| 300 | |a 151 tr. | ||
| 300 | |b hình vẽ | ||
| 300 | |c 24 cm | ||
| 520 | |a Khái quát về hệ thống hệ truyền động điện. Các phần tử điều khiển. Đặc tính cơ bản của động cơ điện. Các mạch điều khiển động cơ điện thường gặp | ||
| 650 | |a Điều khiển; Động cơ điện | ||
| 700 | |a Vũ Quang Hồi | ||
| 710 | |a Vụ Trung học chuyên nghiệp-dạy nghề. | ||
| 980 | |a Trung tâm Học liệu Trường Đại học Trà Vinh | ||